| 000 | 00844cam a22002413a 4500 | ||
|---|---|---|---|
| 001 | 20456 | ||
| 003 | PGUSA | ||
| 005 | 20140828083431.0 | ||
| 008 | 070127s2007||||xxu|||||s|||||000 | eng d | ||
| 040 |
_aPGUSA _beng |
||
| 042 | _adc | ||
| 050 | 4 | _aE011 | |
| 100 | 1 |
_aThomas, Cyrus, _d1825-1910 |
|
| 245 | 1 | 0 |
_aNotes on Certain Maya and Mexican Manuscripts : _bThird Annual Report of the Bureau of Ethnology to the Secretary of the Smithsonian Institution, 1881-82, Government Printing Office, Washington, 1884, pages 3-66 _h[electronic resource] / _cCyrus Thomas |
| 260 |
_bProject Gutenberg, _c2007 |
||
| 506 | _aPublic domain in the USA. | ||
| 516 | _aElectronic text | ||
| 653 | _aMaya calendar | ||
| 653 | _aCalendar -- Mexico | ||
| 830 | 0 |
_aProject Gutenberg _v20456 |
|
| 856 | 4 | 0 | _uhttp://www.gutenberg.org/ebooks/20456 |
| 942 | _cEB | ||
| 999 |
_c249711 _d249711 |
||